UM Logo

Directing and differentiating first-graders' historical reading, thinking, and writing about Abraham Lincoln/ (Record no. 18414)

MARC details
000 -LEADER
fixed length control field 00799nam a22002057a 4500
003 - CONTROL NUMBER IDENTIFIER
control field OSt
005 - DATE AND TIME OF LATEST TRANSACTION
control field 20250219134216.0
008 - FIXED-LENGTH DATA ELEMENTS--GENERAL INFORMATION
fixed length control field 231113b ||||| |||| 00| 0 eng d
040 ## - CATALOGING SOURCE
Transcribing agency 0
082 ## - DEWEY DECIMAL CLASSIFICATION NUMBER
Classification number DPer 370.763 So131 January-December 2022 v.113 n. 1-6
100 ## - MAIN ENTRY--PERSONAL NAME
Personal name Bickford, John H.
Relator term author.
9 (RLIN) 49941
245 ## - TITLE STATEMENT
Title Directing and differentiating first-graders' historical reading, thinking, and writing about Abraham Lincoln/
Statement of responsibility, etc. John H. Bickford.
260 ## - PUBLICATION, DISTRIBUTION, ETC. (IMPRINT)
Place of publication, distribution, etc. Philadelphia ;
Name of publisher, distributor, etc. Taylor & Francis Group,
Date of publication, distribution, etc. July-August 2022.
300 ## - PHYSICAL DESCRIPTION
Extent volume 113, pages 195-216,
Other physical details illustration.
500 ## - GENERAL NOTE
General note The Social Studies, v. 113, no. 4, pages 195-216, July-August 2022.
650 ## - SUBJECT ADDED ENTRY--TOPICAL TERM
Topical term or geographic name as entry element Reading.
9 (RLIN) 49942
650 ## - SUBJECT ADDED ENTRY--TOPICAL TERM
Topical term or geographic name as entry element History.
9 (RLIN) 49943
700 ## - ADDED ENTRY--PERSONAL NAME
Personal name Bickford, John H.
Relator term author.
9 (RLIN) 49941
942 ## - ADDED ENTRY ELEMENTS (KOHA)
Source of classification or shelving scheme Dewey Decimal Classification
Koha item type Periodicals
Holdings
Withdrawn status Lost status Source of classification or shelving scheme Damaged status Not for loan Collection code Home library Current library Date acquired Total Checkouts Full call number Date last seen Price effective from Koha item type Public note
    Dewey Decimal Classification     Periodicals UM Digos College - LIC UM Digos College - LIC 11/13/2023   DPer 370.763 So131 January-December 2022 v.113 n. 1-6 11/13/2023 11/13/2023 Periodicals Periodical Article